| 000 | 00478nam a2200181 i 4500 | ||
|---|---|---|---|
| 001 | 62444 | ||
| 003 | ES-MaACL | ||
| 007 | t| | ||
| 008 | 031121s1981 sp ||||1| spa d | ||
| 020 | _a84-85434-12-9 | ||
| 100 | 1 |
_aFernández Alba, Antonio. _949442 |
|
| 245 | 1 | 0 | _aAntonio Fernández Alba, arquitecto. |
| 260 |
_aMadrid : _bXarait, _c1981. |
||
| 300 |
_a170 p. : _bil. ; _c22 cm. |
||
| 500 | _aIndice. | ||
| 504 | _aBibliografía. | ||
| 852 |
_aES-MaACL _jL-9639 _bR.111529 |
||
| 999 |
_c62444 _d62444 |
||